[Event "World Open"]
[Site "Valley Forge, PA"]
[Date "2010.07.01"]
[Round "1"]
[White "Korley, Kassa"]
[Black "Shabalov, Alexander"]
[Result "0-1"]
[WhiteElo "2284"]
[BlackElo "2585"]
[PlyCount "76"]
[EventDate "2010.07.??"]
[EventCountry "USA"]
[Source "MonRoi"]

1. d4 Nf6 2. c4 g6 3. Nc3 Bg7 4. Nf3 O-O 5. g3 d6 6. Bg2 Nc6 7. O-O a6 8. e4
Bg4 9. h3 Bxf3 10. Bxf3 Nd7 11. Be3 e5 12. d5 Nd4 13. Bg2 c5 14. Ne2 b5 15.
cxb5 axb5 16. h4 Qe7 17. Bg5 f6 18. Bd2 f5 19. Nxd4 cxd4 20. Qe2 f4 21. b4 Ra3
22. Qxb5 Rb8 23. Qe2 fxg3 24. fxg3 Rxg3 25. a4 Nf6 26. Rf3 Rxf3 27. Qxf3 Nh5
28. Qg4 Nf4 29. Bxf4 exf4 30. b5 d3 31. Rd1 Qa7+ 32. Kh1 Qe3 33. Qf3 d2 34. Qf1
Bc3 35. Rb1 Qe1 36. Bf3 Ba5 37. Kg2 Rc8 38. b6 Rc1 0-1

[Event "World Open"]
[Site "Valley Forge, PA"]
[Date "2010.07.01"]
[Round "1"]
[White "Panchanathan, Magesh"]
[Black "Haskel, Jeffrey"]
[Result "1-0"]
[WhiteElo "2549"]
[BlackElo "2240"]
[PlyCount "71"]
[EventDate "2010.07.??"]
[EventCountry "USA"]
[Source "MonRoi"]

1. Nf3 Nf6 2. g3 d5 3. Bg2 c6 4. O-O Bf5 5. d3 e6 6. Bf4 Qb6 7. Nbd2 Nbd7 8. c4
Qxb2 9. Rb1 Qxa2 10. Rxb7 Bc5 11. e4 Bg4 12. h3 Bxf3 13. Nxf3 Qa6 14. Rc7 Rc8
15. Rxc8+ Qxc8 16. e5 Ng8 17. d4 Bb4 18. cxd5 exd5 19. Ng5 h6 20. Nxf7 Kxf7 21.
Qb1 a5 22. Qf5+ Ngf6 23. e6+ Ke7 24. exd7 Qxd7 25. Qg6 Kd8 26. Be5 Rf8 27. Rc1
Kc8 28. Qd3 Kb7 29. f3 Ra8 30. h4 Ra6 31. Kh2 a4 32. Bh3 Qd8 33. Rb1 Rb6 34.
Qc2 a3 35. Qa4 Be7 36. Bf1 1-0

[Event "World Open"]
[Site "Valley Forge, PA"]
[Date "2010.07.01"]
[Round "1"]
[White "Robson, Ray"]
[Black "Melekhina, Alisa"]
[Result "1-0"]
[WhiteElo "2569"]
[BlackElo "2265"]
[PlyCount "99"]
[EventDate "2010.07.??"]
[EventCountry "USA"]
[Source "MonRoi"]

1. e4 e5 2. Nf3 Nc6 3. Bb5 a6 4. Ba4 Nf6 5. O-O Nxe4 6. d4 b5 7. Bb3 d5 8. dxe5
Be6 9. c3 Be7 10. Re1 Nc5 11. Bc2 Bg4 12. Nbd2 d4 13. h3 Bh5 14. Nb3 d3 15. Bb1
Bg6 16. Be3 Na4 17. Qd2 Qd5 18. Nbd4 Rd8 19. e6 O-O 20. exf7+ Rxf7 21. Nxc6
Qxc6 22. Ne5 Qd5 23. Nxf7 Qxf7 24. a3 Kh8 25. Ba2 Qf8 26. Rad1 Bf6 27. Bf4 c5
28. Be5 c4 29. b3 cxb3 30. Bxb3 Nc5 31. Bxf6 Qxf6 32. Ba2 Ne4 33. Qe3 d2 34.
Re2 Nxc3 35. Rdxd2 Nxe2+ 36. Rxe2 Rd1+ 37. Kh2 Qd6+ 38. g3 h6 39. Qe6 Qxe6 40.
Bxe6 Ra1 41. Rd2 Kh7 42. g4 Re1 43. Rd6 a5 44. f4 Be4 45. f5 h5 46. Kg3 hxg4
47. hxg4 Rc1 48. Kf4 Bb1 49. Kg5 Rc2 50. Rd1 1-0

[Event "World Open"]
[Site "Valley Forge, PA"]
[Date "2010.07.01"]
[Round "1"]
[White "Thaler, Michael"]
[Black "Sedlak, Nikola"]
[Result "1/2-1/2"]
[WhiteElo "2253"]
[BlackElo "2567"]
[PlyCount "92"]
[EventDate "2010.07.??"]
[EventCountry "USA"]
[Source "MonRoi"]

1. e4 e6 2. d3 c5 3. Nf3 b6 4. g3 Bb7 5. Bg2 d6 6. O-O Nf6 7. Nh4 Qc7 8. f4 Be7
9. Nd2 Nc6 10. Re1 Nd7 11. Nhf3 O-O 12. Nf1 Nd4 13. c3 Nxf3+ 14. Qxf3 b5 15.
Qf2 a5 16. g4 Rfe8 17. g5 d5 18. Ne3 dxe4 19. dxe4 c4 20. Ng4 Nc5 21. Qg3 Kh8
22. Nf2 Rad8 23. Be3 Nd3 24. Nxd3 Rxd3 25. Qf2 Rxe3 26. Rxe3 Bc5 27. Rae1 Rd8
28. Kf1 b4 29. e5 bxc3 30. bxc3 Rd3 31. Bxb7 Bxe3 32. Rxe3 Qxb7 33. Rxd3 cxd3
34. Qd2 Qf3+ 35. Ke1 h5 36. gxh6 gxh6 37. Qf2 Qb7 38. Qd2 Qe4+ 39. Kf2 Kh7 40.
Qe3 Qd5 41. Qd2 a4 42. Ke3 Kg7 43. a3 Qc4 44. Qg2+ Kh7 45. Qb7 Kg7 46. Qg2+ Kh7
1/2-1/2

[Event "World Open"]
[Site "Valley Forge, PA"]
[Date "2010.07.02"]
[Round "2"]
[White "Arnold, Marc"]
[Black "Lenderman, Alex"]
[Result "0-1"]
[WhiteElo "2433"]
[BlackElo "2598"]
[PlyCount "94"]
[EventDate "2010.07.??"]
[EventCountry "USA"]
[Source "MonRoi"]

1. d4 Nf6 2. c4 e6 3. Nf3 c5 4. Nc3 cxd4 5. Nxd4 a6 6. e4 Bb4 7. Bd3 Nc6 8. Nc2
Bxc3+ 9. bxc3 d6 10. O-O Qc7 11. Ne3 O-O 12. f4 b6 13. Ng4 Nxg4 14. Qxg4 f6 15.
Be3 Na5 16. Qe2 Nb7 17. e5 dxe5 18. fxe5 f5 19. Bd4 Nc5 20. Rab1 Rb8 21. Qe3
Nxd3 22. Qxd3 Rd8 23. Qe2 Bd7 24. Rb2 b5 25. Rfb1 Rdc8 26. cxb5 axb5 27. Rb4
Ra8 28. R1b2 Bc6 29. Qf2 Qd7 30. h3 Ra6 31. Kh2 Qd5 32. Rd2 Rca8 33. Rbb2 Qd7
34. Qf1 Ra4 35. Bc5 Qe8 36. Bd4 h6 37. Qe2 Rc4 38. Rb3 Qe7 39. Rdb2 Qg5 40. Qf2
f4 41. Rb4 Rxb4 42. Rxb4 Bd5 43. Rb2 h5 44. h4 Qg4 45. Bc5 Qf5 46. Rxb5 Rxa2
47. Rb2 Ra1 0-1

[Event "World Open"]
[Site "Valley Forge, PA"]
[Date "2010.07.02"]
[Round "2"]
[White "Jayakumar, Adarsh"]
[Black "Norowitz, Yaacov"]
[Result "0-1"]
[WhiteElo "2169"]
[BlackElo "2531"]
[PlyCount "97"]
[EventDate "2010.07.??"]
[EventCountry "USA"]
[Source "MonRoi"]

1. d4 Nf6 2. c4 e6 3. g3 d5 4. Nf3 dxc4 5. Bg2 c5 6. O-O Nc6 7. Ne5 Bd7 8. Nxc4
cxd4 9. Bf4 Nd5 10. Nd6+ Bxd6 11. Bxd6 Qb6 12. Nd2 Qxb2 13. Nc4 Qb5 14. Qd3 Nb6
15. Nxb6 Qxd3 16. exd3 axb6 17. Rfb1 Ra6 18. Bc7 O-O 19. Bxb6 Rfa8 20. Bc5 Bc8
21. Bxc6 Rxc6 22. Bxd4 Rca6 23. Rc1 Bd7 24. Rc3 Ra4 25. Be5 f6 26. Rc7 Bc6 27.
Bd6 Rxa2 28. Rxa2 Rxa2 29. Rc8+ Kf7 30. Kf1 Rd2 31. Rc7+ Kg6 32. Bf8 h5 33.
Rxg7+ Kf5 34. Ke1 Rxd3 35. Ke2 Rb3 36. Be7 e5 37. Bd8 Bf3+ 38. Kd2 Rb2+ 39. Ke3
e4 40. Bc7 Re2+ 41. Kd4 Rxf2 42. h4 Bg4 43. Rf7 Rd2+ 44. Ke3 Rd3+ 45. Kf2 e3+
46. Kg2 Rd2+ 47. Kf1 Rd1+ 48. Kg2 e2 49. Ba5 0-1

[Event "World Open"]
[Site "Valley Forge, PA"]
[Date "2010.07.02"]
[Round "2"]
[White "Meszaros, Michal"]
[Black "Panchanathan, Magesh"]
[Result "0-1"]
[WhiteElo "2393"]
[BlackElo "2549"]
[PlyCount "70"]
[EventDate "2010.07.??"]
[EventCountry "USA"]
[Source "MonRoi"]

1. e4 e5 2. Nf3 Nc6 3. Bb5 a6 4. Ba4 Nf6 5. O-O Be7 6. d3 b5 7. Bb3 d6 8. a4
Bd7 9. c3 O-O 10. Nbd2 Na5 11. Bc2 c5 12. Re1 Ne8 13. Nf1 Nc7 14. Ne3 Bf6 15.
d4 cxd4 16. cxd4 Ne6 17. dxe5 Bxe5 18. Nxe5 dxe5 19. Qd6 Nd4 20. Qxe5 Be6 21.
Bd1 Nab3 22. Bxb3 Nxb3 23. Ra3 Re8 24. axb5 Rc8 25. bxa6 Nxc1 26. Rd1 Qb6 27.
a7 Qb7 28. Qh5 g6 29. Qf3 Qxb2 30. Ra6 Ne2+ 31. Kh1 Nc3 32. Rda1 Qb7 33. Ng4
Bxg4 34. Qxg4 Nxe4 35. Qf3 Qxa6 0-1

[Event "World Open"]
[Site "Valley Forge, PA"]
[Date "2010.07.02"]
[Round "2"]
[White "Molner, Mackenzie"]
[Black "Smirin, Ilia"]
[Result "0-1"]
[WhiteElo "2439"]
[BlackElo "2634"]
[PlyCount "59"]
[EventDate "2010.07.??"]
[EventCountry "USA"]
[Source "MonRoi"]

1. e4 c5 2. Nf3 e6 3. d4 cxd4 4. Nxd4 a6 5. Bd3 Bc5 6. Nb3 Be7 7. Qg4 g6 8. Qe2
Qc7 9. O-O d6 10. Na3 Nc6 11. Be3 Rb8 12. Nc4 b5 13. Ncd2 Nf6 14. a4 bxa4 15.
Rxa4 Nb4 16. Bh6 Bf8 17. Bxf8 Kxf8 18. f4 Kg7 19. Kh1 Rd8 20. c4 Nxd3 21. Qxd3
e5 22. f5 gxf5 23. Qg3+ Kh8 24. Qh4 Qe7 25. exf5 Bb7 26. Na5 Ba8 27. c5 Rxb2
28. Nac4 Rg8 29. Nxb2 Bxg2+ 30. Kg1 0-1

[Event "World Open"]
[Site "Valley Forge, PA"]
[Date "2010.07.02"]
[Round "2"]
[White "Potkin, Vladimir"]
[Black "Battaglini, Gabriel"]
[Result "1-0"]
[WhiteElo "2634"]
[BlackElo "2419"]
[PlyCount "93"]
[EventDate "2010.07.??"]
[EventCountry "USA"]
[Source "MonRoi"]

1. d4 d5 2. c4 e6 3. Nc3 Nf6 4. Nf3 c6 5. g3 dxc4 6. Ne5 b5 7. Bg2 a6 8. Nxc6
Nxc6 9. Bxc6+ Bd7 10. Bxa8 Qxa8 11. O-O Be7 12. f3 b4 13. e4 O-O 14. Na4 Qc6
15. b3 c3 16. Be3 Qc7 17. Qc2 Bb5 18. Rfd1 Qc6 19. Nc5 e5 20. Nd3 exd4 21. Bxd4
Rd8 22. Bf2 a5 23. Nf4 Rxd1+ 24. Rxd1 a4 25. Nd5 Nxd5 26. exd5 axb3 27. axb3
Qg6 28. Qxg6 fxg6 29. d6 Bd8 30. Bc5 Be2 31. Rc1 Bd3 32. Bxb4 c2 33. Kg2 Bb6
34. d7 Kf7 35. Bc5 Bd8 36. Kf2 g5 37. Ke3 Bg6 38. Kd2 Ke6 39. Bd4 Kxd7 40. Bxg7
Be7 41. Rxc2 Bxc2 42. Kxc2 Ke6 43. Kd3 Kd5 44. Bc3 Bd8 45. Bd2 Be7 46. b4 Bd8
47. Be3 1-0

[Event "World Open"]
[Site "Valley Forge, PA"]
[Date "2010.07.02"]
[Round "2"]
[White "Reichstein, Boris"]
[Black "Bercys, Salvijus"]
[Result "0-1"]
[WhiteElo "2133"]
[BlackElo "2427"]
[PlyCount "58"]
[EventDate "2010.07.??"]
[EventCountry "USA"]
[Source "MonRoi"]

1. e4 c5 2. Nf3 e6 3. d3 d5 4. Nbd2 Nc6 5. g3 Bd6 6. Bg2 Nge7 7. O-O O-O 8. Re1
Bc7 9. b3 Rb8 10. Bb2 d4 11. a4 a6 12. Ng5 e5 13. Qh5 h6 14. Nh3 Be6 15. Qe2
Qd7 16. Qf1 Ba5 17. Rad1 Nb4 18. Re2 Nxc2 19. Nf3 Bxb3 20. Nxe5 Qxa4 21. Rc1
Bc3 22. Bxc3 dxc3 23. Nf4 Rfd8 24. Nd5 Nxd5 25. exd5 Nd4 26. Re3 c2 27. Qe1
Bxd5 28. Bxd5 Rxd5 29. Nxf7 Kxf7 0-1

[Event "World Open"]
[Site "Valley Forge, PA"]
[Date "2010.07.02"]
[Round "2"]
[White "Sedlak, Nikola"]
[Black "Gorman, Dov"]
[Result "1-0"]
[WhiteElo "2567"]
[BlackElo "2298"]
[PlyCount "55"]
[EventDate "2010.07.??"]
[EventCountry "USA"]
[Source "MonRoi"]

1. d4 Nf6 2. c4 g6 3. Nc3 Bg7 4. e4 d6 5. Nf3 O-O 6. Be2 e5 7. O-O Nc6 8. d5
Ne7 9. Kh1 Kh8 10. a4 c5 11. Ne1 Nfg8 12. Nd3 f5 13. a5 Bh6 14. Bxh6 Nxh6 15.
Qd2 fxe4 16. Nxe4 Nhf5 17. f4 exf4 18. Qxf4 Kg8 19. g4 Nd4 20. Qxf8+ Qxf8 21.
Rxf8+ Kxf8 22. Rf1+ Ke8 23. Nxd6+ Kd7 24. Nxc8 Rxc8 25. Bd1 b5 26. Rf6 bxc4 27.
Ne5+ Kd8 28. d6 1-0

[Event "World Open"]
[Site "Valley Forge, PA"]
[Date "2010.07.02"]
[Round "2"]
[White "Shabalov, Alexander"]
[Black "Macak, Stefan"]
[Result "1-0"]
[WhiteElo "2585"]
[BlackElo "2411"]
[PlyCount "41"]
[EventDate "2010.07.??"]
[EventCountry "USA"]
[Source "MonRoi"]

1. d4 Nf6 2. c4 e6 3. Nc3 Bb4 4. Bg5 h6 5. Bh4 b6 6. f3 O-O 7. e4 Bxc3+ 8. bxc3
d6 9. Bd3 e5 10. Ne2 Nc6 11. O-O Ba6 12. f4 exf4 13. Nxf4 g5 14. Nh5 Nxh5 15.
Qxh5 gxh4 16. Rf4 Kg7 17. e5 dxe5 18. Rg4+ Kf6 19. Re1 Qd6 20. dxe5+ Nxe5 21.
Qf5+ 1-0

[Event "World Open"]
[Site "Valley Forge, PA"]
[Date "2010.07.02"]
[Round "2"]
[White "Shvartsman, Andrew"]
[Black "Kacheishvili, Giorgi"]
[Result "1/2-1/2"]
[WhiteElo "2192"]
[BlackElo "2587"]
[PlyCount "132"]
[EventDate "2010.07.??"]
[EventCountry "USA"]
[Source "MonRoi"]

1. e4 c5 2. Nf3 e6 3. d4 cxd4 4. Nxd4 a6 5. Nc3 b5 6. a3 d6 7. Bd3 Nf6 8. O-O
Nbd7 9. f4 Bb7 10. Kh1 g6 11. Qe1 Bg7 12. Be3 O-O 13. Nf3 Rc8 14. Bd4 Re8 15.
Rd1 e5 16. fxe5 dxe5 17. Be3 Nh5 18. Ng5 Rf8 19. Nh3 Qc7 20. a4 bxa4 21. Ra1
Nc5 22. Bxc5 Qxc5 23. Rxa4 Nf4 24. Nxf4 exf4 25. Nd1 Be5 26. Rb4 Qe7 27. Nf2
Rc5 28. Nh3 a5 29. Rb3 a4 30. Rb4 a3 31. bxa3 Bc3 32. Rxb7 Qxb7 33. Qf2 Ra5 34.
Nxf4 Rxa3 35. Qc5 Qa7 36. Qc4 Qd4 37. Nd5 Qxc4 38. Bxc4 Be5 39. g3 Kg7 40. Bd3
h5 41. Kg2 Rb8 42. Ne3 Ra1 43. Rxa1 Bxa1 44. Nc4 Bd4 45. Nd2 Be3 46. Nb3 g5 47.
Kf3 Ba7 48. h3 Rb6 49. Nd4 Rb1 50. Nf5+ Kf6 51. Be2 Re1 52. Bd3 Rd1 53. Kg2
Rd2+ 54. Kh1 Bb8 55. Kg1 Be5 56. Kh1 Ke6 57. Kg1 Kd7 58. Bb5+ Kc7 59. Be8 f6
60. Bxh5 Rxc2 61. h4 Rc4 62. Bf3 Kd7 63. h5 Ke6 64. h6 Rc8 65. Bh5 Rh8 66. Kg2
Bb2 1/2-1/2

[Event "World Open"]
[Site "Valley Forge, PA"]
[Date "2010.07.02"]
[Round "2"]
[White "Smith, Bryan G"]
[Black "Laznicka, Viktor"]
[Result "0-1"]
[WhiteElo "2468"]
[BlackElo "2636"]
[PlyCount "94"]
[EventDate "2010.07.??"]
[EventCountry "USA"]
[Source "MonRoi"]

1. e4 c5 2. Nf3 d6 3. d4 cxd4 4. Nxd4 Nf6 5. Nc3 a6 6. Bg5 Nbd7 7. f4 Qb6 8.
Qd2 Qxb2 9. Rb1 Qa3 10. Bxf6 Nxf6 11. e5 dxe5 12. fxe5 Ng4 13. Nd5 Qc5 14. Nb3
Qc6 15. Na5 Qd7 16. Nc4 e6 17. Ncb6 Qc6 18. Nxa8 exd5 19. Be2 b5 20. Qa5 Ne3
21. Nc7+ Kd7 22. Nxb5 Bc5 23. Nd6 Bd4 24. c4 dxc4 25. Bf3 Nxg2+ 26. Bxg2 Qxg2
27. Rf1 Ke6 28. Qb4 Qd5 29. Nxc4 Rd8 30. Nd2 Qxe5+ 31. Kd1 f5 32. Re1 Be3 33.
Qb3+ Kf6 34. Rxe3 Qxh2 35. Qc3+ Kf7 36. Qb3+ Kf6 37. Qc3+ Kf7 38. Kc2 f4 39.
Rf3 Bf5+ 40. Kc1 Rc8 41. Nc4 Qg1+ 42. Kd2 Rd8+ 43. Ke2 Qxb1 44. Ne5+ Ke6 45.
Qc6+ Kxe5 46. Qc7+ Rd6 47. Qxg7+ Kd5 0-1

[Event "World Open"]
[Site "Valley Forge, PA"]
[Date "2010.07.01"]
[Round "3"]
[White "Sandipan, Chanda"]
[Black "Vallejo Pons, Francisco"]
[Result "1/2-1/2"]
[WhiteElo "2640"]
[BlackElo "2703"]
[PlyCount "63"]
[EventDate "2010.07.??"]
[EventCountry "USA"]
[Source "MonRoi"]

1. d4 d5 2. c4 c6 3. Nf3 Nf6 4. Nc3 dxc4 5. a4 Bf5 6. e3 e6 7. Bxc4 Bb4 8. O-O
O-O 9. Qe2 Nbd7 10. e4 Bg6 11. Bd3 c5 12. e5 cxd4 13. exf6 dxc3 14. fxg7 Kxg7
15. Rd1 Qc7 16. Bxg6 hxg6 17. Rd4 Be7 18. Bf4 cxb2 19. Qxb2 e5 20. Rc1 Qb6 21.
Rxd7 Qxb2 22. Bxe5+ Qxe5 23. Nxe5 Bf6 24. Ng4 Rac8 25. Rb1 Rc4 26. Nxf6 Kxf6
27. Rdxb7 Rxa4 28. g3 Kg7 29. Rc7 a5 30. Ra7 Rb4 31. Rc1 Rb5 32. Ra1 1/2-1/2

[Event "World Open"]
[Site "Valley Forge, PA"]
[Date "2010.07.01"]
[Round "3"]
[White "Henry, Liam"]
[Black "Liu, Bingjie"]
[Result "1-0"]
[WhiteElo "2187"]
[BlackElo "1718"]
[PlyCount "59"]
[EventDate "2010.07.??"]
[EventCountry "USA"]
[Source "MonRoi"]

1. e4 e6 2. d4 d5 3. Nc3 Bb4 4. e5 Ne7 5. a3 Bxc3+ 6. bxc3 c5 7. Nf3 Qc7 8. a4
O-O 9. Bd3 h6 10. O-O a6 11. Ba3 c4 12. Be2 Re8 13. Nh4 Bd7 14. f4 Bxa4 15. g4
Qd8 16. Bc1 Bc6 17. Qe1 Ng6 18. Ng2 f5 19. exf6 gxf6 20. f5 exf5 21. gxf5 Nh8
22. Bxh6 Kh7 23. Qh4 Nf7 24. Qh5 Nxh6 25. Qg6+ Kh8 26. Qxh6+ Kg8 27. Rf3 Re7
28. Rg3+ Kf7 29. Qg6+ Kf8 30. Qg8# 1-0

[Event "World Open"]
[Site "Valley Forge, PA"]
[Date "2010.07.01"]
[Round "3"]
[White "McShane, Luke J"]
[Black "Harikrishna, Penteala"]
[Result "1/2-1/2"]
[WhiteElo "2623"]
[BlackElo "2660"]
[PlyCount "170"]
[EventDate "2010.07.??"]
[EventCountry "USA"]
[Source "MonRoi"]

1. e4 c5 2. Nf3 d6 3. d4 cxd4 4. Nxd4 Nf6 5. f3 e5 6. Nb3 Be7 7. c4 a5 8. Be3
O-O 9. Nc3 a4 10. Nd2 Qa5 11. Rc1 Bd8 12. c5 dxc5 13. Nc4 Qc7 14. Nb5 Qe7 15.
Nbd6 Be6 16. Bxc5 Nfd7 17. Ba3 Qh4+ 18. g3 Qf6 19. Nxb7 Be7 20. Bxe7 Qxe7 21.
Qd6 Qf6 22. Rc3 Ra6 23. Qa3 Rc6 24. Nba5 Ra6 25. Be2 Ra7 26. Qb4 h5 27. Ne3
Bxa2 28. Qxa4 Qb6 29. b4 Be6 30. Kf2 Na6 31. Bxa6 Qxa6 32. Rc6 Nb6 33. Qc2 Qb5
34. Rb1 Nd7 35. Rc3 Raa8 36. Rb2 Rfb8 37. Nc6 Re8 38. Na5 Reb8 39. Nc6 Re8 40.
Qe2 Qb6 41. Qd1 Bh3 42. Ke2 Qb7 43. b5 Nb6 44. Rbc2 Ra4 45. Rd3 Nd7 46. Rb2
Rea8 47. Qc2 Be6 48. Nd5 Kh7 49. Rd1 Ra3 50. Kf2 g6 51. Kg2 Nb6 52. Nxb6 Qxb6
53. Qf2 Qc7 54. Qd2 Ra2 55. Rdb1 Bc4 56. Qc2 Bxb5 57. Rxa2 Bd3 58. Qb3 Rxa2+
59. Qxa2 Bxb1 60. Qd5 Qb7 61. Nxe5 Qb2+ 62. Kh3 Ba2 63. Nc4 Qf6 64. Kg2 Kg7 65.
Qc5 Bxc4 66. Qxc4 Qb2+ 67. Kh3 g5 68. Qd5 g4+ 69. fxg4 hxg4+ 70. Kxg4 Qxh2 71.
Qg5+ Kf8 72. Kf5 Qf2+ 73. Qf4 Qc5+ 74. Qe5 Qf2+ 75. Qf4 Qc5+ 76. Qe5 Qf2+ 77.
Kg5 Qe3+ 78. Qf4 Qb6 79. Kh4 Qd8+ 80. Qg5 Qd4 81. Qh6+ Kg8 82. Qg5+ Kf8 83. Qd5
Qf6+ 84. Kg4 Qg6+ 85. Qg5 Qxe4+ 1/2-1/2

[Event "World Open"]
[Site "Valley Forge, PA"]
[Date "2010.07.01"]
[Round "3"]
[White "Van Wely, Loek"]
[Black "Thavandiran, Shiyam"]
[Result "1-0"]
[WhiteElo "2653"]
[BlackElo "2316"]
[PlyCount "61"]
[EventDate "2010.07.??"]
[EventCountry "USA"]
[Source "MonRoi"]

1. d4 Nf6 2. c4 e6 3. Nf3 d5 4. Nc3 dxc4 5. Bg5 Bb4 6. a3 Bxc3+ 7. bxc3 c5 8.
Bxf6 Qxf6 9. e3 O-O 10. Bxc4 Nc6 11. O-O cxd4 12. cxd4 b6 13. Qd3 Bb7 14. Ba6
Bxa6 15. Qxa6 e5 16. d5 e4 17. dxc6 exf3 18. c7 Qg5 19. g3 Qf5 20. Qb7 Rac8 21.
Rac1 Qa5 22. Qxf3 Qxa3 23. Qc6 Qe7 24. Rfd1 h6 25. Qb7 b5 26. Qxa7 b4 27. Rc4
Qe6 28. Qc5 b3 29. Rb1 Qd7 30. Rc3 g5 31. Qc6 1-0

[Event "World Open"]
[Site "Valley Forge, PA"]
[Date "2010.07.01"]
[Round "3"]
[White "Zapata, Alonso"]
[Black "Ganguly, Surya"]
[Result "0-1"]
[WhiteElo "2513"]
[BlackElo "2672"]
[PlyCount "68"]
[EventDate "2010.07.??"]
[EventCountry "USA"]
[Source "MonRoi"]

1. e4 e6 2. d4 d5 3. Nd2 Nf6 4. e5 Nfd7 5. Bd3 c5 6. c3 Nc6 7. Ne2 cxd4 8. cxd4
f6 9. exf6 Nxf6 10. Nf3 Qc7 11. O-O Bd6 12. g3 O-O 13. Bf4 Bd7 14. Rc1 Ne4 15.
Bxe4 dxe4 16. Ne5 Bxe5 17. dxe5 Be8 18. Qa4 Qb6 19. Qxe4 Bg6 20. Qc4 Qxb2 21.
Nc3 Bf5 22. Rb1 Bxb1 23. Rxb1 Qc2 24. Rxb7 Nd8 25. Rd7 Nf7 26. Rc7 Qf5 27. Ne4
Nxe5 28. Qc3 Nf7 29. Nd6 Qb1+ 30. Kg2 Qxa2 31. Nxf7 Qd5+ 32. f3 Rxf7 33. Rxf7
Kxf7 34. Qc7+ Kg8 0-1

[Event "World Open"]
[Site "Valley Forge, PA"]
[Date "2010.07.02"]
[Round "3"]
[White "Bercys, Salvijus"]
[Black "De Firmian, Nick"]
[Result "1-0"]
[WhiteElo "2427"]
[BlackElo "2549"]
[PlyCount "145"]
[EventDate "2010.07.??"]
[EventCountry "USA"]
[Source "MonRoi"]

1. d4 Nf6 2. c4 e6 3. Nf3 c5 4. d5 exd5 5. cxd5 d6 6. Nc3 a6 7. a4 g6 8. e4 Bg4
9. Be2 Bxf3 10. Bxf3 Nbd7 11. O-O Bg7 12. Bf4 Qe7 13. e5 dxe5 14. d6 Qe6 15.
Bxb7 Rb8 16. Bd5 Nxd5 17. Nxd5 O-O 18. Nc7 Qf5 19. Be3 Rxb2 20. Nxa6 c4 21. Nc7
e4 22. a5 Rb3 23. a6 Rd3 24. Qc1 Rc3 25. Qd2 Rd3 26. Qa5 Bxa1 27. Qxa1 Qf6 28.
a7 Qxa1 29. Rxa1 Kg7 30. Kf1 c3 31. a8=Q Rxa8 32. Rxa8 Kf6 33. Ke2 c2 34. Ra1
Ke5 35. Nb5 Rb3 36. Nd4 Rc3 37. Rc1 Kd5 38. Rxc2 Rxc2+ 39. Nxc2 Kxd6 40. Bf4+
Kd5 41. Ke3 f5 42. h3 Nb6 43. Bh6 Nc4+ 44. Kf4 Ne5 45. Ne1 Ke6 46. Bg7 Nc6 47.
Kg5 Kf7 48. Kh6 Kg8 49. Bc3 Nd8 50. Kg5 Kf7 51. Kf4 Ke6 52. g3 Nf7 53. h4 h6
54. Ke3 Nd6 55. Bg7 h5 56. Ng2 Nc4+ 57. Kf4 Nd2 58. Bc3 Nf3 59. Ke3 Kf7 60. Nf4
Nh2 61. Ke2 Ng4 62. Bd4 Nh2 63. Kd2 Nf3+ 64. Kc3 Nh2 65. Kc4 Nf3 66. Kd5 Nh2
67. Kd6 Nf3 68. Bc3 Nh2 69. Nh3 Ng4 70. Bd4 Nh2 71. Ng5+ Kg8 72. Ke7 Ng4 73.
Ke6 1-0

[Event "World Open"]
[Site "Valley Forge, PA"]
[Date "2010.07.02"]
[Round "3"]
[White "Holt, Conrad"]
[Black "Stocek, Jiri"]
[Result "1/2-1/2"]
[WhiteElo "2375"]
[BlackElo "2593"]
[PlyCount "151"]
[EventDate "2010.07.??"]
[EventCountry "USA"]
[Source "MonRoi"]

1. d4 Nf6 2. c4 e6 3. Nc3 Bb4 4. Qc2 O-O 5. e4 d6 6. Bd3 Nc6 7. Nf3 e5 8. d5
Ne7 9. a3 Bxc3+ 10. Qxc3 Bg4 11. Nh4 c6 12. Bg5 Nh5 13. f3 Bd7 14. g4 h6 15.
Be3 Nf6 16. Ng2 b5 17. b3 a5 18. a4 bxc4 19. bxc4 Rb8 20. h4 Rb4 21. g5 Nh5 22.
gxh6 g6 23. f4 f6 24. fxe5 fxe5 25. Bg5 cxd5 26. exd5 Qe8 27. Rf1 Nf5 28. c5
dxc5 29. Qxc5 Nhg3 30. Rf2 Rd4 31. Bxf5 Nxf5 32. Ne3 Re4 33. Rc1 Rf7 34. Qc2
Nd6 35. Rxf7 Qxf7 36. Qf2 Nf5 37. Qf3 Qxd5 38. Rc3 Qd4 39. Kf2 Qd2+ 40. Kg1
Qxc3 41. Qxe4 Qc1+ 42. Kh2 Bc6 43. Qc4+ Qxc4 44. Nxc4 e4 45. Kh3 Kh7 46. Nxa5
Bd5 47. Kg4 e3 48. Bxe3 Nxe3+ 49. Kg5 Nf5 50. h5 gxh5 51. Kxh5 Nxh6 52. Kg5 Kg7
53. Kf4 Kf6 54. Ke3 Ke5 55. Kd3 Kd6 56. Nc4+ Kc5 57. Ne3 Bc6 58. a5 Kb5 59. Kd4
Kxa5 60. Kc5 Bf3 61. Nc4+ Ka6 62. Ne3 Kb7 63. Nf1 Nf5 64. Nd2 Bg2 65. Nb1 Kc7
66. Na3 Kd7 67. Nb5 Ke7 68. Nd4 Ng7 69. Nc6+ Kd7 70. Nb8+ Kd8 71. Na6 Bb7 72.
Nb4 Kd7 73. Nd3 Ne6+ 74. Kc4 Ba6+ 75. Kc3 Bxd3 76. Kxd3 1/2-1/2

[Event "World Open"]
[Site "Valley Forge, PA"]
[Date "2010.07.02"]
[Round "3"]
[White "Lenderman, Alex"]
[Black "Paragua, Mark"]
[Result "1-0"]
[WhiteElo "2598"]
[BlackElo "2497"]
[PlyCount "42"]
[EventDate "2010.07.??"]
[EventCountry "USA"]
[Source "MonRoi"]

1. d4 d5 2. c4 c6 3. Nf3 Nf6 4. Nc3 dxc4 5. e3 b5 6. a4 b4 7. Na2 a5 8. Bxc4
Ba6 9. Bxa6 Nxa6 10. O-O e6 11. Re1 Qd5 12. Qe2 Qb3 13. Bd2 Ne4 14. Ne5 Nxd2
15. Qxd2 Qxa4 16. d5 cxd5 17. Qe2 b3 18. Qh5 g6 19. Qf3 Ra7 20. Nc3 Qh4 21.
Rxa5 f6 1-0

[Event "World Open"]
[Site "Valley Forge, PA"]
[Date "2010.07.02"]
[Round "3"]
[White "Panchanathan, Magesh"]
[Black "Kamsky, Gata"]
[Result "1/2-1/2"]
[WhiteElo "2549"]
[BlackElo "2702"]
[PlyCount "92"]
[EventDate "2010.07.??"]
[EventCountry "USA"]
[Source "MonRoi"]

1. Nf3 Nf6 2. g3 g6 3. Bg2 Bg7 4. O-O d5 5. c4 c6 6. d4 O-O 7. Nbd2 a5 8. Ne5
Qb6 9. Nb1 dxc4 10. Nxc4 Qa7 11. Nc3 Rd8 12. e3 Be6 13. b3 Nbd7 14. a4 Bxc4 15.
bxc4 e5 16. Rb1 Ne8 17. Ne2 Nd6 18. c5 Nf5 19. Ba3 exd4 20. exd4 Qa6 21. Be4
Qc4 22. Rxb7 Nxd4 23. Nxd4 Bxd4 24. Bd3 Qd5 25. Qe2 Ne5 26. Be4 Qe6 27. Bg2
Rac8 28. Bb2 Qf5 29. Bxd4 Rxd4 30. Bh3 Qxh3 31. Qxe5 Rxa4 32. Re1 Rb4 33. Ra7
a4 34. Qf6 Qf5 35. Qxf5 gxf5 36. Re5 Rcb8 37. Rxf5 R8b7 38. Ra6 Rc7 39. h4 Rc4
40. h5 h6 41. Kg2 Kg7 42. Kh3 Rd7 43. g4 Rd3+ 44. f3 Rd5 45. Rxd5 cxd5 46. c6
f5 1/2-1/2

[Event "World Open"]
[Site "Valley Forge, PA"]
[Date "2010.07.02"]
[Round "3"]
[White "Shankland, Samuel"]
[Black "Shabalov, Alexander"]
[Result "0-1"]
[WhiteElo "2507"]
[BlackElo "2585"]
[PlyCount "76"]
[EventDate "2010.07.??"]
[EventCountry "USA"]
[Source "MonRoi"]

1. d4 Nf6 2. c4 g6 3. Nc3 Bg7 4. e4 d6 5. Nf3 O-O 6. Be2 e5 7. Be3 c6 8. d5 Ng4
9. Bg5 f6 10. Bh4 Na6 11. Nd2 Nh6 12. f3 c5 13. O-O Nf7 14. a3 Bd7 15. Rb1 Bh6
16. Bf2 f5 17. b4 b6 18. Nb5 Bf4 19. bxc5 Nxc5 20. Nb3 fxe4 21. Nxc5 dxc5 22.
fxe4 Bxb5 23. cxb5 Nd6 24. Bf3 Nc4 25. Ra1 Nd2 26. Re1 c4 27. Ra2 c3 28. Rc2
Rc8 29. Qe2 Qg5 30. Bg4 Rc4 31. h4 Qf6 32. Qd3 Bh2+ 33. Kxh2 Qxf2 34. Qg3 Qxg3+
35. Kxg3 Rxe4 36. Rec1 Nb3 37. Bf3 Rd4 38. Re1 Rd3 0-1

[Event "World Open"]
[Site "Valley Forge, PA"]
[Date "2010.07.02"]
[Round "3"]
[White "Simutowe, Amon"]
[Black "Sedlak, Nikola"]
[Result "1/2-1/2"]
[WhiteElo "2452"]
[BlackElo "2567"]
[PlyCount "55"]
[EventDate "2010.07.??"]
[EventCountry "USA"]
[Source "MonRoi"]

1. d4 e6 2. c4 f5 3. g3 Nf6 4. Bg2 c6 5. Qc2 d5 6. Nh3 Bd6 7. O-O O-O 8. Bf4
Be7 9. Bc1 a5 10. Nd2 b6 11. Nf3 Ne4 12. Nf4 Bd6 13. h4 Qe7 14. Nd3 Ba6 15. b3
Nd7 16. Bf4 c5 17. dxc5 bxc5 18. cxd5 exd5 19. Bxd6 Qxd6 20. Rfd1 Ndf6 21. Nf4
Rfe8 22. Bh3 g6 23. Rac1 Bb7 24. Nd2 Rac8 25. Nxe4 Nxe4 26. e3 Red8 27. f3 Nf6
28. e4 1/2-1/2